Central Library OPAC University of Rajshahi

Laboratory manual for Chemistry : (Record no. 9588)

MARC details
000 -LEADER
fixed length control field 00641nam a22002057a 4500
001 - CONTROL NUMBER
control field 9588
003 - CONTROL NUMBER IDENTIFIER
rucl marc code BD-RjUL
005 - DATE AND TIME OF LATEST TRANSACTION
control field 20211208234813.0
008 - FIXED-LENGTH DATA ELEMENTS--GENERAL INFORMATION
fixed length control field 140121s1968 caua||||| |||| 00| 0 eng d
035 ## - SYSTEM CONTROL NUMBER
System control number (BD-RjUL) 9633
040 ## - CATALOGING SOURCE
Original cataloging agency BD-RjUL
Language of cataloging eng
Transcribing agency BD-RjUL
041 ## - LANGUAGE CODE
Language code of text/sound track or separate title eng
082 ## - DEWEY DECIMAL CLASSIFICATION NUMBER
Edition number 23
Classification number 540.76
Author mark and year LAB 1968
245 00 - TITLE STATEMENT
Title Laboratory manual for Chemistry :
Remainder of title experiments and principles /
Statement of responsibility, etc. Joseph E Davis ... [et al].
260 ## - PUBLICATION, DISTRIBUTION, ETC. (IMPRINT)
Place of publication, distribution, etc. Lexington, Mass. :
Name of publisher, distributor, etc. Raytheon Education Co.,
Date of publication, distribution, etc. 1968.
300 ## - PHYSICAL DESCRIPTION
Pagination x, 144 p. :
Illustrations ill. ;
Size 25 cm.
650 ## - SUBJECT ADDED ENTRY--TOPICAL TERM
Topical term or geographic name as entry element Chemistry -- Laboratory manuals.
9 (RLIN) 29694
700 ## - ADDED ENTRY--PERSONAL NAME
Personal name Davis, Joseph E
942 ## - ADDED ENTRY ELEMENTS (KOHA)
Source of classification or shelving scheme Dewey Decimal Classification
Koha item type Books
Holdings
Lost status Source of classification or shelving scheme Damaged status Not for loan Collection code Permanent Location Current Location Shelving location Date acquired Source of acquisition Cost, normal purchase price Total Checkouts Full call number Date last seen Copy number Koha item type
  Dewey Decimal Classification     Non-fiction Central Library, University of Rajshahi Central Library, University of Rajshahi   01/07/1967 Dritor summan seminer instituted in chemistry 0.00   540.76 LAB 1968 21/01/2014 C-2 Books
  Dewey Decimal Classification     Non-fiction Central Library, University of Rajshahi Central Library, University of Rajshahi   01/07/1967 Dictorer summer interpries in chemistry     540.76 LAB 1968 06/02/2014 C-1 Books